00856cam a22002657a 45000010005000000030006000050050017000110080041000280100017000690200025000860200015001110400023001260500015001490820012001641000018001762450062001942600035002563000043002915050007003345200150003415210018004915210018005096500034005277000029005614228FISKH20260226155649.0110423s2011 nyua 000 1 eng  a 2011288771 a9780545282611 (pbk.) a0545282616 aDLCcDLCdDLCbeng aPZ7.L3258  a808.39 1 aLa Rue, Coco.04aThe dog rules /cby Coco LaRue ; illustrated by Kyla May. aNew York :bScholastic,c2011. a128 pages : billustrations ; c20 cm  aN  aHe's an energetic pup who gets into trouble like it's his full-time job. His house has lots of rules and sometimes he has trouble following them. a580 bLexile  aN bRaz-Plus  aAnimals vDogs xPets yHumor1 aMay, Kyla,eillustrator